LEADER 01699nam a2200253 i 4500 001 000000248469 003 CaOOAMICUS 005 20251217111702.0 008 160325s1621 xx u000 u lat u 013 $a227374 026 $aa.e- Etli s.em dino (3) 1621 (R) 040 $aSeMil$bita 110 0 $aConfraternita di Santa Maria Maddalena in S. Sepolcro .$0(OLS)http://semarc/name/93985 245 12$aL'officio che hanno da dire li confratelli della Scuola di S. Maria Maddalena, nell'oratorio superiore della chiesa di S. Sepolcro di Milano, ... Alche vi sono aggionte nel fine le regole, et li ordini di detta scuola riformati .. 260 $a[S.l. :$bs.n.],$c1621$e(In Milano :$fAppresso Gio. Angelo Nava,$g1621) 300 $a71, [5] p., P. 73-108, [4] p. :$bill. ;$c4º. 500 $aIll. xilogr. anche infratestuali. - Segn. : A-H4 I6 K-O4. - Vignetta xilogr. (Madonna con bambino) sul front. - Sul v. del front. ill. xilogr. (Utima cena). - Iniz. xilogr. ornate. - Front. e testo stampati in rosso e nero. 650 4$aOrdini religiosi - Regole e costituzioni.$0(OLS)http://semarc/subject/49222 700 1 $aNava, Giovanni Angelo,$c.$0(OLS)http://semarc/name/82761 850 $aSeMil 852 $aSeMil$W1$xVenegono$y1$m3K III 58 FA$j198815$B198815$CSeMilBibl$Z2$F210120 $8I 996 $6245$aL'officio che hanno da dire li confratelli della Scuola di S. Maria Maddalena, nell'oratorio superiore della chiesa di S. Sepolcro di Milano, ... Alche vi sono aggionte nel fine le regole, et li ordini di detta scuola riformati ..$9(OLS)http://semarc/title/350616 996 $6260$a[S.l. :$bs.n.]$9(OLS)http://semarc/publisher/29751 LEADER 01208nam a2200229 i 4500 001 000000079599 003 CaOOAMICUS 005 20131118000000.0 008 131118s1832 xx u000 u fre u 013 $a51836 040 $aSeMil$bita 100 1 $aDégerando, Joseph Marie,$d<1772-1842>.$0(OLS)http://semarc/name/11327 245 10$aCours normal des instituteurs primaires, ou Directions relatives à l'éducation physique, morale et intellectuelle dans les écoles primaires /$cpar M. Dégerando. 260 $aA Paris :$bF.-G. Levrault,$c1832. 260 $aA Paris :$bChez Jules Renouard,$c1832. 300 $aVII, 431 p. ;$c18 cm. 650 4$aScuola primaria - Insegnamento - Sec. 19. - Francia.$0(OLS)http://semarc/subject/15977 850 $aSeMil 852 $aSeMil$W1$xVenegono$y1$m2R II 117 FA$j45270$B45270$CSeMilBibl$Z2$F47195 $8I 996 $6245$aCours normal des instituteurs primaires, ou Directions relatives à l'éducation physique, morale et intellectuelle dans les écoles primaires$9(OLS)http://semarc/title/127560 996 $6260$aA Paris :$bChez Jules Renouard$9(OLS)http://semarc/publisher/39628 996 $6260$aA Paris :$bF.-G. Levrault$9(OLS)http://semarc/publisher/43399